League of Legends - Demacia - Statistiken

Allgemein
  • Dieses Quiz wurde 309 mal gespielt
  • Das Durchschnittsergebnis liegt bei 10 aus 15
Antwortstatistiken
Antwort % Korrekt
Garen
100%
Lux
95%
Galio
82%
Jarvan
80%
Sylas
74%
Kayle
66%
Poppy
65%
Fiora
59%
Xin Zhao
55%
Morgana
54%
Quinn
53%
Vayne
48%
Sona
41%
Shyvana
40%
Lucian
39%
Keine übereinstimmenden Quizze gefunden
Verteilung der Resultate
Anzahl Personen mit jedem Resultat
Perzentil nach korrekt beantworteten Fragen
Ihre Resultats-Entwicklung
Sie haben dieses Quiz noch nicht gespielt